书目信息 |
| 题名: |
烟事闲趣
|
|
| 作者: | 杨国安 选编 | |
| 分册: | ||
| 出版信息: | 北京 北京燕山出版社 1999.09 |
|
| 页数: | 477页 | |
| 开本: | ||
| 丛书名: | ||
| 单 册: | ||
| 中图分类: | R163 | |
| 科图分类: | ||
| 主题词: | 个人卫生 | |
| 电子资源: | ||
| ISBN: | 7-5402-1211-X | |
| 000 | 00522nam0 2200193 45 | |
| 001 | 0007300693 | |
| 005 | 20001001051807.1 | |
| 010 | @a7-5402-1211-X@d25.00元 | |
| 100 | @a20000730d1999 km y0chiy0120 ea | |
| 101 | 0 | @achi |
| 105 | @a z 000yy | |
| 200 | 1 | @a烟事闲趣@AYan Shi Xian Qu@f杨国安选编@FYang Guo AnXuan Bian |
| 210 | @a北京@c北京燕山出版社@d1999.09 | |
| 215 | @a477页 | |
| 606 | 0 | @a个人卫生 |
| 690 | @aR163@v3 | |
| 701 | 0 | @a杨国安@4选编 |
| 801 | @aCN@bPftUser@c20000730 | |
| 905 | @dR163@eY007@b410024-026@f3 | |
| 烟事闲趣/杨国安选编.-北京:北京燕山出版社,1999.09 |
| 477页 |
| ISBN 7-5402-1211-X:25.00元 |
| ● |
| 相关链接 |
|
|
|
正题名:烟事闲趣
索取号:R163/Y007
 
预约/预借
| 序号 | 登录号 | 条形码 | 馆藏地/架位号 | 状态 | 备注 |
| 1 | 1574832 | 215748323 | 自科库401/401自科库 6排4列4层/ | 在馆 | |
| 2 | 1574833 | 215748332 | 自科库401/401自科库 6排4列4层/ | 在馆 | |
| 3 | 410024 | 204100249 | 自科库401/401自科库 6排4列4层/ [索取号:R163/Y007] | 在馆 | |
| 4 | 410025 | 204100258 | 自科二线504/504自科库 38排2列5层/ [索取号:R163/Y007] | 在馆 | |
| 5 | 410026 | 204100267 | 自科二线504/504自科库 38排2列5层/ [索取号:R163/Y007] | 在馆 |